Spatial inequality in Chile

I tiakina i:
Ngā taipitopito rārangi puna kōrero
Ngā kaituhi matua: Agostini González, Claudio Andrés (Author), Brown, Philip H (Author)
Hōputu: Pukapuka
Reo:Ingarihi
I whakaputaina: Santiago Universidad Alberto Hurtado 2007
Rangatū:Serie Docuemntos de Investigación, I-178
Ngā marau:
Ngā Tūtohu: Tāpirihia he Tūtohu
Kāore He Tūtohu, Me noho koe te mea tuatahi ki te tūtohu i tēnei pūkete!

MARC

LEADER 00000nam a2200000 a 4500
001 UCI4364
003 CL-VaPUC
008 080111e20070300CL |||||||||||||||||eng|d
082 0 4 |a 339.46  |b AGO  |2 21 
100 0 |a Agostini González, Claudio Andrés  |e author  |9 526218 
700 0 |a Brown, Philip H  |e author  |9 526219 
245 1 0 |a Spatial inequality in Chile 
300 |a 25 p 
942 |c BK 
945 |d 20080111 00:00:00  |a jtorresc 
260 |a Santiago  |b Universidad Alberto Hurtado  |c 2007 
650 0 |a Pobreza  |9 258652 
650 0 |a Aspectos económicos  |9 255165 
650 0 |a Desigualdad social  |9 349409 
583 |a last modification  |c 20190627 10:30:03  |k Rodrigo Vera 
490 0 |a Serie Docuemntos de Investigación, I-178 
999 |c 328311  |d 328309 
952 |0 0  |1 0  |4 0  |6 339_460000000000000_AGO_2007  |7 0  |8 A  |9 412149  |a BIBGIM  |b BIBGIM  |d 2019-11-22  |i 4399625  |o 339.46 AGO 2007  |p 4399625  |r 2025-01-15  |w 2019-11-22  |y BK  |k GIM